Animaux de A à Z - Image - Statistiques

Statistiques générales
  • Ce quiz a été pris 306 fois
  • Le résultat moyen est 20 sur 26
Statistiques - réponses
Par images Réponse % Correct
Autruche
99%
Girafe
98%
Fourmi
97%
Hippopotame
96%
Kangourou
95%
Lama
95%
Ours
95%
Mouton
94%
Jaguar
93%
Serpent
93%
Babouin
90%
Iguane
90%
Rhinoceros
90%
Zèbre
90%
Elan
89%
Vautour
84%
Pingouin
83%
Daim
82%
Narval
78%
Yak
75%
Chacal
45%
Wallaby
45%
Quokka
27%
Urubu
18%
Xerus
16%
Tilapia
4%
Aucun quiz correspondant
Distribution des résultats
% des personnes avec chaque résultat
Percentile par nombre de réponses
Votre historique - résultats
Vous n’avez pas pris ce quiz